000 00981nam a2200301 i 4500
003 EG-GICUC
005 20260408132154.0
008 260408s1935 uk ||||fr|||| 001 0 eng d
040 _aEG-GiCUC
_beng
_cEG-GiCUC
_dEG-GiCUC
_eRda
082 0 4 _221
_a341.8
_bCH . P
092 0 4 _221
099 _aLaw1 12 341.8 CH . P 1935
100 1 _aCheshire, G. C
_eAuthor.
245 1 0 _aPrivate International Law /
_cG. C. Cheshire.
264 3 _aOxford :
_bat the Clarendon Press,
_c1935.
300 _a584page :
_billustration ;
_c 24 cm.
336 _2rda contenu
_a texte
337 _2rda medias
_aOrdinateur
338 _2 transporteur rda
_a Ressource en ligne
504 _aIncludes bibliographical references and index.
546 _aText in English
650 1 4 _aPublic international law
_2
651 1 _2
700 1 _aLavergne, Bernard
_ePréfacier
856 4 0 _uhttps://fll.law.cu.edu.eg/fulltext/bks/B12-02612.pdf
905 _a50
942 _2ddc
_cBK
_e21
_n0
999 _c69718
_d69718